Which City is further north - Oceania Edition - Statistics

General Stats
  • This quiz has been taken 34 times
  • The average score is 8 of 15
Answer Stats
Question Answer % Correct
Canberra or Adelaide? Adelaide
100%
Apia or Darwin? Darwin
100%
Melbourne or Wellington? Melbourne
100%
Alofi or Cairns? Cairns
75%
South Tarawa or Ngerulmud? Ngerulmud
75%
Suva or Port Vila? Port Vila
75%
Alice Springs or Noumea? Noumea
50%
Sydney or Auckland? Sydney
50%
Funafuti or Bora Bora? Funafuti
25%
Hobart or Christchurch? Hobart
25%
Majuro or Palikir? Majuro
25%
Perth or Wollongong? Perth
25%
Port Moresby or Honiara? Port Moresby
25%
Yaren or Darwin? Yaren
25%
Nuku'alofa or Brisbane? Nuku'alofa
0%
No matching quizzes found
Score Distribution
Percent of People with Each Score
Percentile by Number Answered
Your Score History
You have not taken this quiz